00868 a2200169 45000010006000000050017000060080041000230030015000640400040000790800075001192450044001942640043002383000019002815050352003001000022006527000024006742518720260407155535.0260407a1970 arg spa dAR-UNSa-BCEJYS aAR-UNSa-BCEJYSbspacAR-UNSa-BCEJYS a519.24xAplicaciones y modelos estadísticos especiales (Muestreo...)10aProblemas y ejercicios de estadística 1aBuenos Aires :bEdiciones Macchic1970 a259 p.c23 cm. a1. Probabilidades - 2. Variable aleatoria - 3. Prubeas repetidas - 4. Distribución normal - 5. Serie de frecuencia - 6. Distribución y concentración de factores económicos - 7. Series cronológicas - 8. Números índices - 9. Regresión y correlación lineal - 10. Teoría de las muestras - 12. Aplicaciones de la teoria de muestras.1 aBrufman, Juana Z.1 aToranzos, Fausto I.